00642nam a22001931a 45000010005000000030008000050050017000130080041000300350018000710400035000890410008001240820025001322450149001572500012003062600044003183000023003626500033003857000030004188067BD-RjUL20211208234523.0180707s1926 ii b 001 0 eng d a(BD-RjUL)8112 aBD-RjULbengcBD-RjULdBD-RjUL aeng04a297.86223bEXT 1926 aExtracts from the Holy Quran and sayings of the Holy Prophet Mohammad (peace and blessings of God be on him) / ccompilied by Abdullah Alladin. a4th ed. aSecunderabad:b Abdullah Alladin.c1926 ax, 270 p. ;c17 cm aAhmadiyya Movement in Islam. a Alladin, Abdullah, comp.